Determinación de la región de operación del proceso de coagulación-floculación para la precipitación de fosfatos en una planta de tratamiento de aguas residuales de una industria de bebidas utilizando cuatro agentes catiónicos

Guardat en:
Dades bibliogràfiques
Autor principal: Chinchilla Saborío, Carlos
Format: Llibre
Publicat: 2008
Matèries:
Etiquetes: Afegir etiqueta
Sense etiquetes, Sigues el primer a etiquetar aquest registre!

MARC

LEADER 00000nam a2200000Ia 4500
003 001100
005 20221231144100.0
008 140114s2008 cr a 000 ||s d
040 |c cru CEDI  
090 |a TFG 5626 
100 |a Chinchilla Saborío, Carlos   |9 4406 
245 |a Determinación de la región de operación del proceso de coagulación-floculación para la precipitación de fosfatos en una planta de tratamiento de aguas residuales de una industria de bebidas utilizando cuatro agentes catiónicos 
260 |c 2008 
300 |a v, 116 hojas; ilustraciones 
500 |a Proyecto de graduación (licenciatura en ingeniería química)--Universidad de Costa Rica. Facultad de Ingeniería. Escuela de Ingeniería Química 
650 |x AGUAS RESIDUALES  |x FOSFORO  |x INVESTIGACIONES  |x  EUTROFIZACION   |x  CONTAMINACION DEL AGUA   |x PURIFICACION DE AGUAS RESIDUALES   |9 4407 
942 |c TFG 
999 |c 16636  |d 16636